000 00640nam a2200265Ia 4500
005 20260306164307.0
008 008 260114s9999 xx 000 0 eng d
020 _a9780226619941
037 _aEBOOK
040 _aCRL
040 _beng
040 _cCRL
041 _2eng
041 _aeng
084 _qCRL
100 _aSchlenker
_91130372
245 0 _aAgricultural Productivity And Producer Behavior
260 _bUniversity of Chicago Press
260 _c2020
650 _aEconomics & Finance
856 _uhttps://academic.oup.com/book/30945
942 _cEBOOK
999 _c1713535
_d1713535